00950nam a22001817a 450000500170000000800410001705000280005805000200008624502110010625000110031726001250032830000280045349000290048150400650051065100920057570000560066770000450072320231117123441.0 | mx bo||gr||| 00| 0 spa|d04aF1306 .9 .P54bP54 200304aF1306bP54 200303aLa Piedad, Michoacán b : la ventana de nuestros días, la herencia para un nuevo siglo c / coordinador editorial José Antonio Martínez Álvarez ; coordinador académico Carlos Téllez Valencia. a1a ed. aLa Piedad de Cabadas, Michoacán de Ocampo, México :bH. Ayuntamiento Constitucional de La Piedad, Michoacán,c2003 a485 p. :bil. ;c22 cm.0 aMonografía Municipal  6Incluye bibliografía : p. 473-484, cronología e índice 72lembaLa Piedad de Cabadas (Michoacán de Ocampo)zMéxicoxHistoriayHasta Siglo XX1 aMartínez Álvarez, José Antonio,ecoordinador 1 aTélles Valencia, Carlos,ecoordinador